000
00282nam a22001097a 4500
008
140211t xxu||||| |||| 00| 0 eng d
020
_a
81-307-0613-X
100
_a
Charles Warren
_9
710
245
_a
The Supreme court in the united states history
300
_a
814 p. :
942
_2
ddc
_c
BK
999
_c
16968
_d
16968